| 000 | 00584nam a2200217 a 4500 | ||
|---|---|---|---|
| 003 | BD-DhJNU | ||
| 005 | 20250506040226.0 | ||
| 008 | 250401s2006 ii a b 001 0 eng | ||
| 020 | _a1851683429 | ||
| 040 |
_aBD-DhJNU _bENG _cBD-DhJNU _dBD-DhJNU |
||
| 082 | 0 | 0 |
_a306.342 TOA _223 |
| 100 | 1 |
_aTormey, Simon _bx |
|
| 245 | 1 | 0 |
_aAnti-capitalism : _ba beginners guide / _cSimon Tormey |
| 250 | _a1st ed. | ||
| 260 |
_aOxford : _bOneworld, _c2006. |
||
| 300 |
_aviii,184 p. : _bill. ; _c22 cm. |
||
| 504 | _aIncludes index. | ||
| 650 | 0 | _aCapitalism | |
| 650 | 0 | _aEconomics | |
| 942 | _cBK | ||
| 999 |
_c1663 _d1663 |
||